Practical database programming with Visual Basic.NET / (رقم التسجيلة. 22203)
[ عرض عادي ]
| 000 -الفاتح | |
|---|---|
| حقل البيانات ثابتة الطول | 01671cam a2200373 a 4500 |
| 001 - رقم الضبط | |
| رقم الضبط | 15107872 |
| 003 - محدد رقم الضبط | |
| رقم الضبط | OSt |
| 005 - وقت وتاريخ اخر تعامل مع التسجيلة | |
| رقم الضبط | 20150408114024.0 |
| 008 - عناصر البيانات ثابتة الطول - معلومات عامة | |
| حقل البيانات ثابتة الطول | 071210s2008 nyua 001 0 eng |
| 010 ## - رقم ضبط مكتبة الكونجرس | |
| رقم ضبط مكتبة الكونجرس | 2007050326 |
| 020 ## - الرقم الدولى المعيارى للكتب | |
| الرقم الدولى المعيارى للكتاب | 9780521885188 (hdbk.) |
| 020 ## - الرقم الدولى المعيارى للكتب | |
| الرقم الدولى المعيارى للكتاب | 0521885183 (hdbk.) |
| 020 ## - الرقم الدولى المعيارى للكتب | |
| الرقم الدولى المعيارى للكتاب | 9780521712354 (pbk.) |
| 020 ## - الرقم الدولى المعيارى للكتب | |
| الرقم الدولى المعيارى للكتاب | 0521712351 (pbk.) |
| 035 ## - رقم ضبط النظام | |
| رقم ضبط النظام | (OCoLC)183392751 |
| 040 ## - مصدر الفهرسة | |
| وكالة الفهرسة الأصلية | DLC |
| وكالة النسخ | DLC |
| وكالة التعديل | DLC |
| 050 00 - رقم طلب مكتبة الكونجرس | |
| رقم التصنيف | QA76.73.B3 |
| رقم المادة | B335 2008 |
| 082 00 - رقم تصنيف ديوى العشرى | |
| رقم التصنيف | 005.2768 |
| رقم الطبعة | 22 |
| 100 1# - المدخل الرئيسى - إسم شخصى | |
| الإسم الشخصى | Bai, Ying, |
| التواريخ المصاحبة للاسم | 1956- |
| 9 (RLIN) | 13489 |
| 245 10 - بيان العنوان | |
| العنوان | Practical database programming with Visual Basic.NET / |
| بيان المسئوليه,etc | Ying Bai, Satish Bhalla. |
| 260 ## - PUBLICATION, DISTRIBUTION, ETC. (IMPRINT) | |
| مكان الناشر او الموزع | New York : |
| اسم الناشر او الموزع | Cambridge University Press, |
| تاريخ النشر أو التوزيع | 2008. |
| 300 ## - الوصف المادى | |
| التعداد | xxix, 796 p. : |
| تفاصيل ماديه اخرى للوعاء | ill. ; |
| أبعاد الوعاء | 26 cm. |
| 500 ## - تبصرة عامة | |
| تبصرة عامة | Includes index. |
| 505 0# - تبصرة محتويات-الفهرس | |
| تبصرة المحتويات المصاغة | Introduction -- Introduction to databases -- Introduction to ADO.NET -- Data selection query with Visual Basic.NET -- Data insertion with Visual Basic.NET -- Data updating and deleting with Visual Basic.NET -- Accessing data in ASP.NET -- ASP.NET web services. |
| 630 00 - المدخل الاضافى بالموضوع - عنوان موحد | |
| عنوان موحد | Microsoft Visual BASIC. |
| 650 #0 - المدخل الاضافى بالموضوع-مصطلح موضوعى | |
| مصطلح موضوعي أو اسم جغرافي كعنصر مدخل | BASIC (Computer program language) |
| 9 (RLIN) | 4046 |
| 650 #0 - المدخل الاضافى بالموضوع-مصطلح موضوعى | |
| مصطلح موضوعي أو اسم جغرافي كعنصر مدخل | Microsoft .NET. |
| 650 #0 - المدخل الاضافى بالموضوع-مصطلح موضوعى | |
| مصطلح موضوعي أو اسم جغرافي كعنصر مدخل | Database design. |
| 9 (RLIN) | 4856 |
| 856 42 - الوصول و الموقع الالكترونى | |
| مواد محددة | Contributor biographical information |
| معرف المصدر الموحد | <a href="http://www.loc.gov/catdir/enhancements/fy0809/2007050326-b.html">http://www.loc.gov/catdir/enhancements/fy0809/2007050326-b.html</a> |
| 856 42 - الوصول و الموقع الالكترونى | |
| مواد محددة | Publisher description |
| معرف المصدر الموحد | <a href="http://www.loc.gov/catdir/enhancements/fy0809/2007050326-d.html">http://www.loc.gov/catdir/enhancements/fy0809/2007050326-d.html</a> |
| 856 41 - الوصول و الموقع الالكترونى | |
| مواد محددة | Table of contents only |
| معرف المصدر الموحد | <a href="http://www.loc.gov/catdir/enhancements/fy0809/2007050326-t.html">http://www.loc.gov/catdir/enhancements/fy0809/2007050326-t.html</a> |
| 942 ## - عناصر المدخل الإضافي( كوها) | |
| مصدر التصنيف او مخطط الترفيف | Dewey Decimal Classification |
| Koha [default] item type | كتاب |
| حالة الفقد | نموذج السعر الفعال | حالة تلف | ليس للاعارة | رقم الطلب | تاريخ الاكتساب | الموقع الحالي | الباركود | الفرع الرئيسي | Date last seen | نوع المادة فى نظام كوها | مصدر التصنيف او خطة الترفيف | Total Checkouts | Date last checked out |
|---|---|---|---|---|---|---|---|---|---|---|---|---|---|
| 2013-03-10 | 005.2768 B Y P | 2012-05-10 | المكتبة المركزية بالمجمعة (CL) | 00086054 | المكتبة المركزية بالمجمعة (CL) | 2013-03-10 | كتاب | Dewey Decimal Classification | |||||
| 2013-03-10 | 005.2768 B Y P | 2012-05-10 | المكتبة المركزية بالمجمعة (CL) | 00086055 | المكتبة المركزية بالمجمعة (CL) | 2013-03-10 | كتاب | Dewey Decimal Classification | |||||
| 2013-03-10 | 005.2768 B Y P | 2012-05-31 | قسم الاجراءات الفنية (IC) | 00087227 | قسم الاجراءات الفنية (IC) | 2013-03-10 | كتاب | Dewey Decimal Classification | |||||
| 2013-03-10 | 005.2768 B Y P | 2012-05-31 | قسم الاجراءات الفنية (IC) | 00087228 | قسم الاجراءات الفنية (IC) | 2013-03-10 | كتاب | Dewey Decimal Classification | |||||
| 2013-03-10 | 005.2768 B Y P | 2012-05-31 | قسم الاجراءات الفنية (IC) | 00087229 | قسم الاجراءات الفنية (IC) | 2013-03-10 | كتاب | Dewey Decimal Classification | |||||
| 2013-03-10 | 005.2768 B Y P | 2012-06-02 | مكتبة كلية التربية بالزلفى - طالبات (EZF) | 00087578 | مكتبة كلية التربية بالزلفى - طالبات (EZF) | 2013-03-10 | كتاب | Dewey Decimal Classification | |||||
| 2013-03-10 | 005.2768 B Y P | 2012-06-02 | مكتبة كلية التربية بالزلفى - طالبات (EZF) | 00087579 | مكتبة كلية التربية بالزلفى - طالبات (EZF) | 2013-03-10 | كتاب | Dewey Decimal Classification | |||||
| 2013-03-10 | 005.2768 B Y P | 2012-05-20 | مكتبة مجمع الطالبات بالمجمعة (EMF) | 00086513 | مكتبة مجمع الطالبات بالمجمعة (EMF) | 2013-03-10 | كتاب | Dewey Decimal Classification | |||||
| 2013-03-10 | 005.2768 B Y P | 2012-05-20 | مكتبة مجمع الطالبات بالمجمعة (EMF) | 00086514 | مكتبة مجمع الطالبات بالمجمعة (EMF) | 2013-03-10 | كتاب | Dewey Decimal Classification | |||||
| 2013-03-10 | 005.2768 B Y P | 2012-06-01 | مكتبة مجمع الكليات بالزلفى - طلاب (SZM) | 00086447 | مكتبة مجمع الكليات بالزلفى - طلاب (SZM) | 2013-03-10 | كتاب | Dewey Decimal Classification | |||||
| 2013-03-10 | 005.2768 B Y P | 2012-06-01 | مكتبة مجمع الكليات بالزلفى - طلاب (SZM) | 00086305 | مكتبة مجمع الكليات بالزلفى - طلاب (SZM) | 2013-03-10 | كتاب | Dewey Decimal Classification | 1 | 2012-09-16 |
